Roman economic conditions to the close of the republic.
Saved in:
| Main Author: | |
|---|---|
| Format: | Book |
| Language: | English |
| Published: |
[Toronto] :
University of Toronto library,
1907.
|
| Subjects: |
MARC
| LEADER | 00000nam a22000001 4500 | ||
|---|---|---|---|
| 001 | 000077832 | ||
| 005 | 20260604165632.7 | ||
| 008 | 830422s1907 onc 000 0 eng | ||
| 010 | |a 07037618 | ||
| 035 | |a (OCoLC)2558111 | ||
| 035 | 9 | |a AAJ0755^^^^^ | |
| 035 | |a (ndu)000077832 | ||
| 040 | |c CarP |d UtOrBLW | ||
| 043 | |a e-it--- |0 http://id.loc.gov/vocabulary/geographicAreas/e-it | ||
| 049 | |a INDP | ||
| 050 | 0 | 4 | |a H31 |b .T6 (Extra vol.) |
| 090 | |a HC39 |b .OL4r | ||
| 100 | 1 | |a Oliver, Edmund Henry. | |
| 245 | 1 | 0 | |a Roman economic conditions to the close of the republic. |
| 260 | |a [Toronto] : |b University of Toronto library, |c 1907. | ||
| 300 | |a xv, 200 pages ; |c 27 cm | ||
| 336 | |a text |b txt |2 rdacontent |0 http://rdaregistry.info/termList/RDAContentType/1020 | ||
| 337 | |a unmediated |b n |2 rdamedia |0 http://rdaregistry.info/termList/RDAMediaType/1007 | ||
| 338 | |a volume |b nc |2 rdacarrier |0 http://rdaregistry.info/termList/RDACarrierType/1049 | ||
| 651 | 0 | |a Rome (Italy) |x Economic conditions. | |
| 650 | 7 | |a Economic conditions. |2 fast |0 (OCoLC)fst01919582 | |
| 651 | 7 | |a Rome (Empire) |2 fast |0 (OCoLC)fst01204885 | |
| 651 | 7 | |a Italy |z Rome. |2 fast |0 (OCoLC)fst01204500 | |
| 902 | |a OCLC set holdings : |d 20081221 | ||
| 902 | |a MARS | ||
| 999 | f | f | |i 1f08ff59-237a-5947-999b-ded38c1d675f |s c02f8087-809d-4d1b-9b4e-34b552c863e7 |t 0 |
| 952 | f | f | |p Circulating |a University of Notre Dame |b University of Notre Dame |c Hesburgh Library |s Hesburgh Library General Collection |d Hesburgh Library General Collection |t 0 |e HC 39 .OL4r |h Library of Congress classification |i Book |m 00000000756395 |